| 000 | 00632nam a2200229 a 4500 | ||
|---|---|---|---|
| 001 | 14096 | ||
| 003 | BD-JhCC | ||
| 005 | 20241208131643.0 | ||
| 008 | 241208b2023 ii |||| ||a| 001 0 eng d | ||
| 020 | _a9788172345662 | ||
| 035 | _a(BD-JhCC)14096 | ||
| 040 |
_aBD-JhCC _dBD-JhCC |
||
| 041 | _aenglish | ||
| 082 |
_a158.12 _bMUR 2023 |
||
| 100 | _aMurphy,Joseph | ||
| 245 |
_aThe Power of Your Subconscious Mind / _cDr. Joseph Murphy |
||
| 260 |
_aIndia: _bClassics; _c2023. |
||
| 300 |
_a256 p. : _c18 cm |
||
| 651 |
_aMeditation and mindfulness practices as part of self-help _zMeditation |
||
| 942 |
_2ddc _cBK |
||
| 999 |
_c14096 _d14096 |
||